| 000 | 00000nas##2200000za#4500 |
| 001 | 9.514244 |
| 003 | CaOODSP |
| 005 | 20211126112842 |
| 007 | ta |
| 008 | 150406c2000||||xxc|| p #||||f| |0eng|d |
| 040 | |aCaOODSP|beng |
| 043 | |an-cn--- |
| 086 | 1 |aFB12-6E |
| 110 | 2 |aBank of Canada. |
| 245 | 10|aMonetary policy report update |
| 260 | |aOttawa - Ontario : |bBank of Canada |
| 310 | |aSemi-annual |
| 563 | |aSoftcover |
| 690 | 07|aBanks|2gcpds |
| 690 | 07|aFederal institutions|2gcpds |
| 690 | 07|aMonetary policy|2gcpds |
| 775 | 08|tRapport sur la politique monétaire |w(CaOODSP)9.512672 |
| 785 | 00|tMonetary policy report. Update |w(CaOODSP)9.510858 |